The new public personnel administration (Record no. 52188)

MARC details
000 -LEADER
fixed length control field 00552nam a2200157 a 4500
008 - FIXED-LENGTH DATA ELEMENTS--GENERAL INFORMATION
fixed length control field 120416s1976 ||||||||||||||||| || u
050 ## - LIBRARY OF CONGRESS CALL NUMBER
Classification number JK 765 Nig
100 ## - MAIN ENTRY--PERSONAL NAME
Personal name Nigro, Felix A
245 14 - TITLE STATEMENT
Title The new public personnel administration
260 ## - PUBLICATION, DISTRIBUTION, ETC.
Place of publication, distribution, etc. Itasca, Ill.
Name of publisher, distributor, etc. Peacock
Date of publication, distribution, etc. 1976
300 ## - PHYSICAL DESCRIPTION
Extent xi, 337p. : ill.
350 ## - PRICE (NR) (BK AM CF MU VM SE) [OBSOLETE]
Price 0.00
650 ## - SUBJECT ADDED ENTRY--TOPICAL TERM
Topical term or geographic name entry element PERSONNEL ADMINISTRATION
650 ## - SUBJECT ADDED ENTRY--TOPICAL TERM
Topical term or geographic name entry element ADMINISTRATION
995 ## - RECOMMENDATION 995 [LOCAL, UNIMARC FRANCE]
-- 0.00
-- CBU-MAIN LIBRARY (Kitwe)
-- 1
-- 0.00
-- 1
-- AVAILABLE
-- Annex Low-Usage Collection
Holdings
Withdrawn status Lost status Source of classification or shelving scheme Damaged status Not for loan Home library Current library Shelving location Date acquired Total Checkouts Full call number Barcode Date last seen Price effective from Koha item type
          CBU-MAIN LIBRARY, KITWE. CBU-MAIN LIBRARY, KITWE.   11/30/2022   JK 765 Nig 007603 11/30/2022 11/30/2022 MONOGRAPH